| 000 | 00844nac a22002051u 4500 | ||
|---|---|---|---|
| 082 | 0 | 0 |
_a338.954 _bL6731 |
| 090 |
_c1789 _d1789 |
||
| 100 | _aLewis, John Prior. | ||
| 245 | 1 | 0 |
_aQuiet crisis in India; _beconomic development and American policy, _cby John P. Lewis. |
| 260 |
_aNew York : _bAnchor books, _cc1964. |
||
| 300 |
_axiii, 383 p. _c22 cm. |
||
| 500 | _aReprint of the ed. published by Brookings Institution, Washington. | ||
| 500 | _aDonations | ||
| 500 | _aDonations - Dr. Mostafa Gouda | ||
| 504 | _aIncludes bibliographical references. | ||
| 650 | 0 |
_aEconomic assistance, American _zIndia. |
|
| 651 | 0 |
_aIndia _xEconomic policy. |
|
| 942 |
_cBB _k338.954L6731 |
||
| 999 |
_c1789 _d1789 |
||